Top 10 African Countries by GDP per capita - Statistics

General Stats
  • This quiz has been taken 49 times
  • The average score is 8 of 10
Answer Stats
GDP Per Capita (USD) Answer % Correct
6,006 South Africa
96%
4,178 Egypt
94%
16,715 Seychelles
90%
4,717 Algeria
85%
11,319 Mauritius
85%
6,708 Botswana
81%
5,506 Equatorial Guinea
77%
9,861 Libya
77%
4,512 Namibia
75%
6,655 Gabon
71%
No matching quizzes found
Score Distribution
Percent of People with Each Score
Percentile by Number Answered
Your Score History
You have not taken this quiz